000 00737nam2a2200205 4500
001 RU\NLR\PER_A\002427630_002750
005 20250623210435.0
035 _a(NLR Aleph) 012104026
090 _a11922086
_c11922086
100 _a20190930d2019 |||y0rusy50 ca
101 0 _arus
102 _aRU
200 0 _a2019, № 7
210 _d2019
_aБ. м.
461 0 _1001RU\NLR\INFOCOMM15\5000287896
_12001#$aЭкономика железных дорог$eЖурн. для руководителя$v2019, № 7
_91963713
_cМ.
_d1999 -
_oЖурн. для руководителя
_tЭкономика железных дорог
_x1727-6500
_v2019, № 7
852 _aNLR
_jП23/4596
942 _cISSUE
980 _aNB
980 _aRUSPER